Constitutional Review in the Middle East and North Africa (Record no. 26918)
[ view plain ]
| 000 -LEADER | |
|---|---|
| fixed length control field | 00855nam a2200133Ia 4500 |
| 008 - FIXED-LENGTH DATA ELEMENTS--GENERAL INFORMATION | |
| fixed length control field | 220620s9999||||xx |||||||||||||| ||und|| |
| 020 ## - INTERNATIONAL STANDARD BOOK NUMBER | |
| International Standard Book Number | 978-3-7489-1201-9 |
| 245 #0 - TITLE STATEMENT | |
| Title | Constitutional Review in the Middle East and North Africa |
| 546 ## - LANGUAGE NOTE | |
| Language note | English[eng] |
| 650 ## - SUBJECT ADDED ENTRY--TOPICAL TERM | |
| Topical term or geographic name entry element | Arab Spring, Arabic countries, MENA, Naher Osten, Nahost, Nordafrika, Verfassungskontrolle, Verfassungsvergleich, courts, development, electoral law, fundamental rights, judicial power, religious law, constitutional law, constitutional courts, constitutional review, judicial review, Middle East, North Africa, Arab countries, Middle Eastern Law and Politics, comparative constitutional law, rule of law, judiciary, constitutional council |
| 700 ## - ADDED ENTRY--PERSONAL NAME | |
| Personal name | Schoeller-Schletter, Anja |
| 856 ## - ELECTRONIC LOCATION AND ACCESS | |
| Uniform Resource Identifier | <a href="doi.org/10.5771/9783748912019">doi.org/10.5771/9783748912019</a> |
| 942 ## - ADDED ENTRY ELEMENTS (KOHA) | |
| Koha item type | E-Books |
| Withdrawn status | Lost status | Damaged status | Not for loan | Home library | Current library | Date acquired | Total Checkouts | Date last seen | Price effective from | Koha item type |
|---|---|---|---|---|---|---|---|---|---|---|
| Kerala University of Digital Sciences, Innovation and Technology Knowledge Centre | Kerala University of Digital Sciences, Innovation and Technology Knowledge Centre | 20/06/2022 | 20/06/2022 | 20/06/2022 | E-Books |